000 00792nam a2200253Ia 4500
003 OSt
005 20220923211253.0
006 a|||||r|||| 00| 0
007 ta
008 Pun
020 _a9788178836133 (hbk)
_c400
024 _a246,038
037 _b7830/XI, 31/01/2011, Arsee Publishers
_cTextual
040 _aARTS
_cARTS
_bPun
041 _2Pun
_aPun
082 _aO153:g, Q0
100 _aਭੱਟੀ, ਸੁਰਜੀਤ ਸਿੰਘ
245 0 _aਵਾਦ ਚਿੰਤਨ
260 _aਲੁਧਿਆਣਾ
_b ਚੇਤਨਾ
_c2010
300 _a174ਪੰ
_ccm.
650 _aਪੰਜਾਬੀ ਸਾਹਿਤ
942 _hO153:g, Q0
_cTEXL
_2CC
999 _c298004
_d298004